000 00379nam a2200157Ia 4500
001 15987
003 IN-NITTTR
005 20251114233150.0
008 251113s9999||||xx |||||||||||||| ||eng||
040 _beng
040 _cIN-NITTTR
041 _aeng
082 _a370.5 W893 R
245 0 _aWorld yearbook of education 1986 :
_b the management of schools. /
942 _2ddc
_cBK
999 _c18621
_d18621